Paget's Law of Banking / (Record no. 626)
[ view plain ]
| 000 -LEADER | |
|---|---|
| fixed length control field | 00554nam a22001697a 4500 |
| 005 - DATE AND TIME OF LATEST TRANSACTION | |
| control field | 20241105115434.0 |
| 008 - FIXED-LENGTH DATA ELEMENTS--GENERAL INFORMATION | |
| fixed length control field | 241105b |||||||| |||| 00| 0 eng d |
| 020 ## - INTERNATIONAL STANDARD BOOK NUMBER | |
| International Standard Book Number | 9789388548632 (Hardback) |
| 050 ## - LIBRARY OF CONGRESS CALL NUMBER | |
| Classification number | KD1715 |
| Item number | .P3 2019 |
| 245 ## - TITLE STATEMENT | |
| Title | Paget's Law of Banking / |
| Statement of responsibility, etc. | general editor: John Odgers QC |
| 250 ## - EDITION STATEMENT | |
| Edition statement | Fifteenth Ed. |
| 260 ## - PUBLICATION, DISTRIBUTION, ETC. | |
| Place of publication, distribution, etc. | India |
| -- | New Delhi |
| Name of publisher, distributor, etc. | LexisNexis |
| Date of publication, distribution, etc. | c2019 |
| 300 ## - PHYSICAL DESCRIPTION | |
| Extent | cxxxix; 1106 pages |
| Other physical details | Index |
| Dimensions | 25cm |
| 650 ## - SUBJECT ADDED ENTRY--TOPICAL TERM | |
| Source of heading or term | Banking Law |
| 700 ## - ADDED ENTRY--PERSONAL NAME | |
| Personal name | John Odgers QC (3 Verulam Buildings, Gray Inn) |
| Relator term | general editor |
| 942 ## - ADDED ENTRY ELEMENTS (KOHA) | |
| Source of classification or shelving scheme | Library of Congress Classification |
| Koha item type | Books |
| Edition | 15th Ed. |
| Suppress in OPAC | No |
| 999 ## - | |
| -- | 626 |
| -- | 626 |
| Withdrawn status | Lost status | Source of classification or shelving scheme | Damaged status | Not for loan | Collection | Home library | Current library | Shelving location | Date acquired | Total checkouts | Full call number | Barcode | Date last seen | Copy number | Price effective from | Koha item type |
|---|---|---|---|---|---|---|---|---|---|---|---|---|---|---|---|---|
| Library of Congress Classification | Non-fiction | Law Library (Miotso) | Law Library (Miotso) | General stacks | 11/05/2024 | KD1715.P3 PAG | llm00000582 | 11/05/2024 | 1 | 11/05/2024 | Books |